| 000 | 00623nam a2200193 a 4500 | ||
|---|---|---|---|
| 005 | 20210223121821.0 | ||
| 008 | 991125s1992 mx 000 0 spa u | ||
| 020 | _a9686285598 | ||
| 035 | _aUPN01000024368 | ||
| 049 | _aCG | ||
| 050 | 4 |
_aND259 G3 _bB6.3 |
|
| 100 | 1 | _aBorrás, María Luisa | |
| 245 | 1 | 0 |
_aFernando García Ponce / _cMaría Luisa Borrás ; introd. de Dore Ashton. |
| 260 |
_aMéxico : _bBANAMEX - ACCIVAL : _bFomento Cultural Banamex, _c1992. |
||
| 300 |
_a265 p. : _bprincipalmente il. |
||
| 600 | 1 | 4 |
_aGARCIA PONCE, FERNANDO, _d1933-1987 |
| 650 | 4 |
_aPINTURA MEXICANA - _ySIGLO XX _917379 |
|
| 905 | _aLibro | ||
| 999 |
_c24368 _d24368 |
||